000 00432nam a2200133 4500
999 _c14260
_d14260
008 190906b ||||| |||| 00| 0 eng d
082 _aDPer 050 T48 Apr - June 2016, v. 187 n. 12-24
100 _939444
_aPark, Alice.
245 _aSimone Biles:
_boutgoing Olympian/
_cAlice Park.
260 _aHong Kong:
_bTime Asia,
_cc2016.
300 _av187 n22, page 40:
_billustrations;
_c27 cm.
650 _aAthlete.
_938936
942 _2ddc
_cPER